00461nam a2200157Ia 4500008004100000020001800041040001300059082001900072100001800091245007100109250001100180260005700191300001000248650001600258700002900274191130s2008##################000#0#eng## a9780071284936 aACLcACL a650.015195 ACZ aAczel, Amir D aComplete business statisticscAmir D.Aczel, Jayavel Sounderpandian a7th ed aNew DelhibTata McGraw-Hill Publishing Companyc2008 a804p. aMathematics aSounderapandian, Jayavel